00686nam a2200169Ia 4500008004000000020001800040082001500058100004500073245002500118260003500143300001100178650011200189690001500301906001100316999001900327952017000346210210b2003 xxu||||| |||| 00| 0 eng d a0 631 23392 X a304.8 BRAT aBRAZIEL (Jana Evans) and Mannur (Anita). aTheorizing diaspora. aUKbBlackwell publishingc2003 aix,345 aDiaspora Demography Migration Modernity Globalization Globalism Thnicity Identity Sixuality Gender Culture aPopulation a058812 c105894d105894 001040708SociologyaALbALcSociologyd2021-02-17eIntel Book Distributors Pvt Ltd, Bangalore.g817.00l0o304.8 BRATp058812r2021-02-17 00:00:00w2021-02-17yBK